00374nam a2200121Ia 4500003000400000005001700004008004100021040001800062041000800080100004500088245008600133260003300219OSt20260130151257.0211028s2018 xx 000 0 und d cAIMIT LIBRARY aeng aPinto, Vanessa Ann; Harinakshi.g1616210 aStudy on the performance feedback system across various age groups in KPMG Oman / aMangalorebHarinakshi.c2018